[Event "TCh-TUR Super League 2015"]
[Site "Kocaeli TUR"]
[Date "2015.08.11"]
[Round "8.5"]
[Board "2"]
[White "Nikolova, Adriana"]
[Black "Komut, Kaan"]
[Result "1-0"]
[WhiteTitle "WGM"]
[WhiteElo "2304"]
[BlackElo "1919"]
[WhiteTeam "Kocaeli Buyuksehir Belediyesi Kagit Sports Club"]
[BlackTeam "Pamukkale Yonetimi Bilisim Sistemleri Zeka"]
[WhiteFideId "2908689"]
[BlackFideId "6309992"]
[EventDate "2015.08.04"]

1. e4 e5 2. Nf3 Nc6 3. Bb5 a6 4. Ba4 Nf6 5. O-O Be7 6. Re1 b5 7. Bb3 d6 8. c3
O-O 9. h3 Na5 10. Bc2 c5 11. d4 Qc7 12. d5 Bd7 13. b3 Nb7 14. Nbd2 a5 15. a4
bxa4 16. bxa4 c4 17. Qe2 Rfc8 18. Ba3 Be8 19. Reb1 Nd7 20. Rb2 Kf8 21. Nh2 Nb6
22. Rab1 Ra6 23. Nxc4 Nxc4 24. Rxb7 Qd8 25. Bc1 Rb6 26. R1xb6 Nxb6 27. Be3 Nxa4
28. Bxa4 Bxa4 29. Bb6 Qe8 30. Bxa5 Rb8 31. Rxb8 Qxb8 32. Bb4 Qb5 33. Qa2 g6 34.
Qa3 Bc2 35. Nf3 Qd7 36. Nd2 Qa4 37. Qxa4 Bxa4 38. Nc4 Ke8 39. Bxd6 Bb5 40. Bxe7
Bxc4 41. Bf6 Kd7 42. Bxe5 f5 43. exf5 gxf5 44. d6 Ke6 45. Bf4 h5 46. f3 Bb5 47.
Kf2 Kd5 48. Kg3 Ke6 49. Kh4 Bf1 50. Kxh5 Bxg2 51. h4 Kf6 52. Be5+ 1-0

[Event "TCh-TUR Super League 2015"]
[Site "Kocaeli TUR"]
[Date "2015.08.11"]
[Round "8.5"]
[Board "3"]
[White "Yurtsever, Senel"]
[Black "Ersahin, Bulent"]
[Result "0-1"]
[WhiteElo "1843"]
[BlackElo "2171"]
[WhiteTeam "Pamukkale Yonetimi Bilisim Sistemleri Zeka"]
[BlackTeam "Kocaeli Buyuksehir Belediyesi Kagit Sports Club"]
[WhiteFideId "6390005"]
[BlackFideId "6302670"]
[EventDate "2015.08.04"]

1. e4 c5 2. c3 d6 3. d4 Nf6 4. Bd3 Nc6 5. Ne2 g6 6. f4 cxd4 7. cxd4 Bg7 8. Nbc3
O-O 9. d5 Nb4 10. Be3 Ng4 11. Bg1 f5 12. Bb1 fxe4 13. Bxe4 Nf6 14. Bd4 Qa5 15.
Bxf6 Bxf6 16. O-O Qb6+ 17. Kh1 Na6 18. Rb1 Nc5 19. Bc2 a5 20. Nd4 Bd7 21. f5
Bxd4 22. Qxd4 gxf5 23. Qh4 Rf7 24. Rf4 Raf8 25. g4 e5 26. gxf5 exf4 27. f6 Kh8
28. Rg1 Qxb2 29. Rg7 Qxc2 0-1

[Event "TCh-TUR Super League 2015"]
[Site "Kocaeli TUR"]
[Date "2015.08.11"]
[Round "8.5"]
[Board "4"]
[White "Albay, Koraycan"]
[Black "Erkan, Basar"]
[Result "1-0"]
[WhiteElo "1864"]
[BlackElo "1668"]
[WhiteTeam "Kocaeli Buyuksehir Belediyesi Kagit Sports Club"]
[BlackTeam "Pamukkale Yonetimi Bilisim Sistemleri Zeka"]
[WhiteFideId "6300766"]
[BlackFideId "6349790"]
[EventDate "2015.08.04"]

1. d4 d5 2. c4 e5 3. dxe5 d4 4. Nf3 Nc6 5. g3 Bf5 6. a3 a5 7. Nbd2 a4 8. Bg2 Bc5
9. O-O Nge7 10. b4 axb3 11. Nxb3 Ba7 12. Bb2 d3 13. e3 Bg4 14. Bd4 Bxd4 15. exd4
Bxf3 16. Qxf3 Nxd4 17. Qxd3 Nxb3 18. Qf3 Nd4 19. Qd3 Nb3 20. Qxb3 Rb8 21. Rfd1
Qc8 22. Qb4 c6 23. Rd2 Qe6 24. Rd6 Qf5 25. Bxc6+ Nxc6 26. Rxc6 Qd7 27. Rd6 Qc7
28. Qb5+ Ke7 29. Rad1 Rhd8 30. Qd5 Rbc8 31. Rxd8 Rxd8 32. Qxd8+ Qxd8 33. Rxd8
Kxd8 34. f4 Kd7 35. Kf2 Kc6 36. Ke3 Kc5 37. Kd3 b5 38. cxb5 Kxb5 39. f5 Kc5 40.
Ke4 g6 41. g4 1-0

[Event "TCh-TUR Super League 2015"]
[Site "Kocaeli TUR"]
[Date "2015.08.11"]
[Round "8.5"]
[Board "6"]
[White "Gundogan, Cem"]
[Black "Oz, Ozan"]
[Result "1-0"]
[WhiteElo "2060"]
[BlackElo "1807"]
[WhiteTeam "Kocaeli Buyuksehir Belediyesi Kagit Sports Club"]
[BlackTeam "Pamukkale Yonetimi Bilisim Sistemleri Zeka"]
[WhiteFideId "6311032"]
[BlackFideId "6349188"]
[EventDate "2015.08.04"]

1. e4 e6 2. d4 d5 3. exd5 exd5 4. Qf3 c5 5. Bb5+ Nc6 6. Qe2+ Be6 7. Nf3 a6 8.
Bxc6+ bxc6 9. O-O h6 10. dxc5 Bxc5 11. Nbd2 Nf6 12. Nb3 Qb6 13. Qe5 Ng4 14. Qg3
Be7 15. Nbd4 Bd7 16. h3 Nf6 17. Re1 c5 18. Qe5 O-O 19. Nf5 Bd8 20. Nxh6+ gxh6
21. Bxh6 Nh7 22. Qg7# 1-0

[Event "TCh-TUR Super League 2015"]
[Site "Kocaeli TUR"]
[Date "2015.08.11"]
[Round "8.5"]
[Board "8"]
[White "Gundogan, Sinem Cagla"]
[Black "Celik, Eda"]
[Result "1/2-1/2"]
[WhiteElo "1913"]
[BlackElo "1656"]
[WhiteTeam "Kocaeli Buyuksehir Belediyesi Kagit Sports Club"]
[BlackTeam "Pamukkale Yonetimi Bilisim Sistemleri Zeka"]
[WhiteFideId "6325378"]
[BlackFideId "6351727"]
[EventDate "2015.08.04"]

1. e4 e5 2. Nf3 Nc6 3. Bc4 Nf6 4. d3 Be7 5. c3 d6 6. h3 O-O 7. Bb3 Na5 8. Bc2 c5
9. d4 Qc7 10. O-O cxd4 11. cxd4 Nc6 12. Nc3 a6 13. Re1 b5 14. d5 Na5 15. Qd3 Bd7
16. a4 Rfc8 17. Bd1 Rab8 18. Ne2 bxa4 19. Bxa4 Bxa4 20. Rxa4 Nb3 21. Be3 a5 22.
Ng3 g6 23. Ra3 Qb7 24. Bh6 Nc5 25. Qe3 Qxb2 26. Rxa5 Rb3 27. Qc1 Qc3 28. Ra7 Bf8
29. Bxf8 Qxc1 30. Rxc1 Rxf8 31. Nxe5 Nfxe4 32. Nxe4 Nxe4 33. Nd7 Rd8 34. Rcc7
Rb1+ 35. Kh2 Kg7 36. f3 Nd2 37. Kg3 h5 38. Rc6 Rb5 39. Nb6 Nb3 40. Ra6 Nd4 41.
Rc7 Ne2+ 42. Kf2 Nf4 43. Raa7 Rf8 44. Nc4 Rxd5 45. Rd7 Nd3+ 46. Kg3 Ne5 47. Rxd6
Rxd6 48. Nxd6 Nc6 49. Rb7 Nd8 50. Ra7 Nc6 51. Rd7 Ne5 52. Rc7 Rd8 53. Ne4 Nd7
54. Kf4 Kf8 55. Kg5 Kg7 56. h4 Nf8 57. Re7 Ne6+ 58. Rxe6 fxe6 59. Kf4 Ra8 60.
Ke5 Ra2 61. g3 Ra3 62. Ng5 Ra5+ 63. Kxe6 Ra6+ 64. Ke5 Ra5+ 65. Kf4 Kf6 66. Ne4+
Ke6 67. Ng5+ Kf6 68. Nh7+ Kg7 69. Ng5 1/2-1/2

[Event "TCh-TUR Super League 2015"]
[Site "Kocaeli TUR"]
[Date "2015.08.11"]
[Round "8.6"]
[Board "1"]
[White "Harikrishna, Pentala"]
[Black "Berkes, Ferenc"]
[Result "1/2-1/2"]
[WhiteTitle "GM"]
[BlackTitle "GM"]
[WhiteElo "2740"]
[BlackElo "2659"]
[WhiteTeam "Istanbul Technical University Sports Club"]
[BlackTeam "T.S Alyans Satranc Sports Club"]
[WhiteFideId "5007003"]
[BlackFideId "718572"]
[EventDate "2015.08.04"]

1. e4 c6 2. d4 d5 3. Nc3 dxe4 4. Nxe4 Bf5 5. Ng3 Bg6 6. h4 h6 7. Nf3 Nd7 8. h5
Bh7 9. Bd3 Bxd3 10. Qxd3 e6 11. Bd2 Ngf6 12. O-O-O Be7 13. Ne4 Nxe4 14. Qxe4 Nf6
15. Qe2 Qd5 16. c4 Qe4 17. Qxe4 Nxe4 18. Be3 f5 19. Nd2 Nf6 20. Nf3 Bd6 1/2-1/2

[Event "TCh-TUR Super League 2015"]
[Site "Kocaeli TUR"]
[Date "2015.08.11"]
[Round "8.6"]
[Board "2"]
[White "Haznedaroglu, Kivanc"]
[Black "Ipatov, Alexander"]
[Result "1/2-1/2"]
[WhiteTitle "GM"]
[BlackTitle "GM"]
[WhiteElo "2451"]
[BlackElo "2621"]
[WhiteTeam "T.S Alyans Satranc Sports Club"]
[BlackTeam "Istanbul Technical University Sports Club"]
[WhiteFideId "6300634"]
[BlackFideId "14116731"]
[EventDate "2015.08.04"]

1. d4 Nf6 2. Nf3 e6 3. c4 b6 4. g3 Bb7 5. Bg2 Be7 6. O-O O-O 7. d5 exd5 8. Nh4
c6 9. cxd5 Nxd5 10. Nf5 Nc7 11. e4 d5 1/2-1/2

[Event "TCh-TUR Super League 2015"]
[Site "Kocaeli TUR"]
[Date "2015.08.11"]
[Round "8.6"]
[Board "3"]
[White "Can, Emre"]
[Black "Arduman, Can"]
[Result "1/2-1/2"]
[WhiteTitle "GM"]
[BlackTitle "IM"]
[WhiteElo "2547"]
[BlackElo "2328"]
[WhiteTeam "Istanbul Technical University Sports Club"]
[BlackTeam "T.S Alyans Satranc Sports Club"]
[WhiteFideId "6302181"]
[BlackFideId "6300022"]
[EventDate "2015.08.04"]

1. d4 Nf6 2. c4 g6 3. Nc3 Bg7 4. e4 d6 5. Nf3 O-O 6. Be2 e5 7. O-O Nc6 8. d5 Ne7
9. a4 a5 10. Ne1 Nd7 11. Nd3 b6 12. Bd2 f5 13. f3 Nc5 14. Nxc5 dxc5 15. exf5
gxf5 16. f4 Ng6 17. g3 exf4 18. gxf4 Bd7 19. Bd3 Qf6 20. Kh1 Rae8 21. Qh5 Qh4
22. Qxh4 Nxh4 23. Rae1 Rxe1 24. Bxe1 Ng6 25. Bc2 1/2-1/2

[Event "TCh-TUR Super League 2015"]
[Site "Kocaeli TUR"]
[Date "2015.08.11"]
[Round "8.6"]
[Board "4"]
[White "Sirin, Atakan"]
[Black "Erdogan, Hakan"]
[Result "1-0"]
[BlackTitle "FM"]
[WhiteElo "2243"]
[BlackElo "2200"]
[WhiteTeam "T.S Alyans Satranc Sports Club"]
[BlackTeam "Istanbul Technical University Sports Club"]
[WhiteFideId "6303307"]
[BlackFideId "6300359"]
[EventDate "2015.08.04"]

1. d4 d5 2. c4 e6 3. Nc3 Nf6 4. Bg5 Be7 5. cxd5 Nxd5 6. Bxe7 Qxe7 7. Nf3 O-O 8.
e3 Nd7 9. Bd3 Nxc3 10. bxc3 e5 11. Qc2 g6 12. O-O f5 13. Nd2 e4 14. Bc4+ Kh8 15.
Rae1 Nf6 16. Qb3 b6 17. Qb4 Qd6 18. Rb1 c5 19. Qa3 Ng4 20. g3 Bd7 21. Be2 h5 22.
Bxg4 hxg4 23. Nc4 Qc7 24. Ne5 Be8 25. Kg2 Kg7 26. Rh1 Rh8 27. h3 gxh3+ 28. Rxh3
Rxh3 29. Kxh3 g5 30. Kg2 Bh5 31. Qb3 Be2 32. Qe6 Bf3+ 33. Nxf3 exf3+ 34. Kxf3
Rf8 35. Rh1 Qb7+ 36. d5 Rf6 37. Qe5 Qf7 38. c4 Kg6 39. Rh8 Kg7 40. Re8 g4+ 41.
Ke2 Kg6 42. Re7 Qg8 43. Rxa7 b5 44. cxb5 c4 45. Ra6 Rxa6 46. bxa6 Qa8 47. Qd6+
Kg5 48. Qf4+ Kg6 49. Qxc4 Qh8 50. a7 Qb2+ 51. Kf1 1-0

[Event "TCh-TUR Super League 2015"]
[Site "Kocaeli TUR"]
[Date "2015.08.11"]
[Round "8.6"]
[Board "5"]
[White "Asan, Elvan"]
[Black "Ushenina, Anna"]
[Result "0-1"]
[BlackTitle "GM"]
[WhiteElo "1810"]
[BlackElo "2435"]
[WhiteTeam "Istanbul Technical University Sports Club"]
[BlackTeam "T.S Alyans Satranc Sports Club"]
[WhiteFideId "6312209"]
[BlackFideId "14110911"]
[EventDate "2015.08.04"]

1. e4 c5 2. b3 g6 3. Bb2 Nf6 4. e5 Nd5 5. g3 Bg7 6. Bg2 Nb4 7. Nf3 d6 8. O-O O-O
9. Re1 N8c6 10. a3 Na6 11. Ra2 d5 12. d4 cxd4 13. Bxd4 Nxd4 14. Nxd4 Nc5 15. Nc3
e6 16. f4 a6 17. Qd2 Qc7 18. Qe3 Bd7 19. g4 Rae8 20. g5 Rc8 21. Nd1 h5 22. Qh3
Qb6 23. c3 a5 24. Rb2 a4 25. Re3 axb3 26. Bf3 Ra8 27. Bxh5 Rxa3 28. Be2 Na4 29.
Nf2 Nxb2 30. Ng4 Rd8 31. Nf6+ Kf8 32. Qh7 Raa8 33. Qg8+ Ke7 34. Qxg7 Rf8 35. Rh3
Nc4 36. Rh7 Be8 37. f5 b2 38. fxe6 b1=Q+ 39. Kf2 Qf5+ 40. Bf3 Ra2+ 41. Kg3 Qxe5+ 0-1

[Event "TCh-TUR Super League 2015"]
[Site "Kocaeli TUR"]
[Date "2015.08.11"]
[Round "8.6"]
[Board "6"]
[White "Koksal, Ege"]
[Black "Bortnyk, Olexandr"]
[Result "0-1"]
[WhiteTitle "FM"]
[BlackTitle "IM"]
[WhiteElo "2347"]
[BlackElo "2553"]
[WhiteTeam "T.S Alyans Satranc Sports Club"]
[BlackTeam "Istanbul Technical University Sports Club"]
[WhiteFideId "6317626"]
[BlackFideId "14120828"]
[EventDate "2015.08.04"]

1. d4 d6 2. Nf3 g6 3. g3 Bg7 4. Bg2 Nf6 5. O-O O-O 6. c4 Bf5 7. Nc3 Ne4 8. Nd5
c6 9. Ne3 Be6 10. b3 f5 11. Bb2 a5 12. Qc2 d5 13. Ne5 Nd7 14. f3 Nxe5 15. fxe4
Bh6 16. Nxd5 cxd5 17. exd5 Ng4 18. dxe6 Be3+ 19. Kh1 Bxd4 20. Rad1 Ne3 21. Qd3
Bxb2 22. Qxe3 Qe8 23. Rd7 Ba3 24. Bxb7 Rb8 25. c5 Rxb7 26. Rxb7 Qc6+ 27. Qf3
Qxc5 28. Rd7 Rf6 29. Rd5 Qb6 30. Re5 Bd6 31. Re3 Kg7 32. Kg2 f4 33. gxf4 Rxf4
34. Qh3 Qc6+ 35. Ref3 Qe4 36. Kg1 Rg4+ 37. Rg3 Bc5+ 38. Rf2 Qxe2 39. Rxg4 Qxf2+
40. Kh1 Qe1+ 0-1

[Event "TCh-TUR Super League 2015"]
[Site "Kocaeli TUR"]
[Date "2015.08.11"]
[Round "8.6"]
[Board "8"]
[White "Ozbay, Ece"]
[Black "Hereklioglu, Sude"]
[Result "1/2-1/2"]
[WhiteTitle "WCM"]
[BlackTitle "WCM"]
[WhiteElo "1804"]
[BlackElo "1796"]
[WhiteTeam "T.S Alyans Satranc Sports Club"]
[BlackTeam "Istanbul Technical University Sports Club"]
[WhiteFideId "6351743"]
[BlackFideId "6359531"]
[EventDate "2015.08.04"]

1. e4 c5 2. Nf3 e6 3. d4 cxd4 4. Nxd4 Nf6 5. Nc3 Nc6 6. Nxc6 bxc6 7. e5 Nd5 8.
Ne4 Qc7 9. f4 Qb6 10. c4 Bb4+ 11. Ke2 Ba6 12. Kf3 f5 13. Nf2 Nc7 14. Be3 Qb7 15.
b3 Rd8 16. a3 Be7 17. c5 Bxf1 18. Rxf1 Nd5 19. b4 g5 20. Nd3 Qb8 21. g3 g4+ 22.
Kf2 h5 23. Bd4 h4 24. Kg2 Kf7 25. Qa4 Rh6 26. Nf2 Rdh8 27. Rh1 R8h7 28. Rag1 Qh8
29. Qd1 hxg3 30. hxg3 Rh2+ 31. Rxh2 Rxh2+ 32. Kf1 Qc8 33. Qa4 Qb8 34. Rh1 Rxh1+
35. Nxh1 Qh8 36. Kg1 Qh3 37. Qd1 Qh8 38. Nf2 Nxf4 39. gxf4 g3 40. Qf3 Qh2+ 41.
Kf1 gxf2 42. Bxf2 Bf8 43. Bg3 Qh3+ 44. Kf2 Qg4 45. Qxg4 fxg4 46. Bh4 Kg6 47. Kg3
Kf5 48. Bg5 a5 49. bxa5 Bxc5 50. Bd8 Be3 51. Bb6 Bxf4+ 52. Kg2 Bxe5 53. a6 Bb8
54. a7 Bxa7 55. Bxa7 Ke4 56. a4 Kd5 57. Bb6 c5 58. Kg3 Kc6 59. a5 d5 60. Kxg4 d4
61. Kf4 Kb5 62. Ke4 Kc6 63. Kd3 e5 64. Kc4 d3 65. Kxd3 Kb5 66. Ke4 c4 67. Kxe5
c3 68. Be3 1/2-1/2

[Event "TCh-TUR Super League 2015"]
[Site "Kocaeli TUR"]
[Date "2015.08.11"]
[Round "8.7"]
[Board "2"]
[White "Benidze, Davit"]
[Black "Salgado Lopez, Ivan"]
[Result "1/2-1/2"]
[WhiteTitle "GM"]
[BlackTitle "GM"]
[WhiteElo "2469"]
[BlackElo "2615"]
[WhiteTeam "Kahramanmaras Buyuksehir Belediye Sports Club"]
[BlackTeam "Turk Hava Yollari (Thy) Sports Club"]
[WhiteFideId "13603086"]
[BlackFideId "2257327"]
[EventDate "2015.08.04"]

1. Nf3 c5 2. c4 Nc6 3. g3 g6 4. Bg2 Bg7 5. Nc3 d6 6. O-O Bf5 7. b3 e5 8. Bb2
Nge7 9. d3 O-O 10. Qd2 Rb8 11. Ne1 Be6 12. Nc2 d5 13. cxd5 Nxd5 14. Ne3 Nxc3 15.
Bxc3 Qd7 16. Nc4 f6 17. Rac1 b6 18. Qb2 Rbc8 19. a3 b5 20. Na5 Nxa5 21. Bxa5 Qf7
22. b4 c4 23. dxc4 Rxc4 24. Bc6 Rb8 25. a4 a6 26. axb5 axb5 27. Rxc4 Bxc4 28.
Rd1 Qe6 29. Bd7 Qa6 30. e4 Qb7 31. Qc2 Bf8 32. h4 Ra8 33. Bh3 Qc6 34. Bd7 Qb7
35. Bh3 Qc6 1/2-1/2

[Event "TCh-TUR Super League 2015"]
[Site "Kocaeli TUR"]
[Date "2015.08.11"]
[Round "8.7"]
[Board "3"]
[White "Dastan, Muhammed Batuhan"]
[Black "Soysal, Serkan"]
[Result "0-1"]
[WhiteTitle "IM"]
[BlackTitle "FM"]
[WhiteElo "2448"]
[BlackElo "2293"]
[WhiteTeam "Turk Hava Yollari (Thy) Sports Club"]
[BlackTeam "Kahramanmaras Buyuksehir Belediye Sports Club"]
[WhiteFideId "6300014"]
[BlackFideId "6349250"]
[EventDate "2015.08.04"]

1. e4 e5 2. Bc4 Nf6 3. d3 Nc6 4. Nf3 Bc5 5. O-O d6 6. c3 O-O 7. Bb3 h6 8. h3 a5
9. Nbd2 b5 10. Re1 a4 11. Bc2 Bd7 12. Nf1 Re8 13. Ng3 Bb6 14. d4 Qb8 15. dxe5
Nxe5 16. Nxe5 dxe5 17. Nh5 Qd8 18. Ng3 Kh7 19. Qf3 g6 20. Be3 Bxe3 21. Qxe3 Qe7
22. a3 Bc6 23. Ne2 Nd7 24. Nc1 Nb6 25. Nd3 Nc4 26. Qe2 Bd7 27. Rad1 Be6 28. Kh2
Red8 29. Bb1 c6 30. g3 h5 31. f3 h4 32. Qf2 hxg3+ 33. Qxg3 Rxd3 34. Rxd3 Nxb2
35. Rd2 Nc4 36. Rf2 Kg7 37. Bd3 Rh8 38. Bf1 Qxa3 39. f4 exf4 40. Qxf4 Qxc3 41.
e5 Rh5 42. Qf6+ Kg8 43. Re4 Ne3 44. Be2 Rxh3+ 45. Kg1 Qc1+ 46. Bf1 Nxf1 47. Rxf1
Qh6 48. Re2 Rh1+ 49. Kf2 Rxf1+ 50. Kxf1 Bc4 51. Ke1 Qh1+ 52. Kd2 Bxe2 53. Qd8+
Kh7 54. Kxe2 Qe4+ 55. Kf2 Qxe5 56. Qh4+ Kg7 57. Qb4 g5 58. Kg2 Qf4 59. Qc3+ Qf6
60. Qb4 Qe5 61. Kg1 a3 62. Qxa3 c5 63. Kg2 Qe4+ 64. Kg3 b4 65. Qa4 Qe3+ 66. Kg2
g4 67. Qa1+ Qc3 68. Qb1 Qf3+ 69. Kg1 Qe3+ 70. Kg2 Qe2+ 71. Kg3 Qf3+ 72. Kh4 Qh3+
73. Kg5 Qh6+ 0-1

[Event "TCh-TUR Super League 2015"]
[Site "Kocaeli TUR"]
[Date "2015.08.11"]
[Round "8.7"]
[Board "4"]
[White "Isik, Engin Yasar"]
[Black "Kerigan, Demre"]
[Result "1/2-1/2"]
[BlackTitle "IM"]
[WhiteElo "2188"]
[BlackElo "2406"]
[WhiteTeam "Kahramanmaras Buyuksehir Belediye Sports Club"]
[BlackTeam "Turk Hava Yollari (Thy) Sports Club"]
[WhiteFideId "6301886"]
[BlackFideId "6307841"]
[EventDate "2015.08.04"]

1. e4 Nc6 2. Nc3 e5 3. Nf3 Nf6 4. d4 exd4 5. Nxd4 Bb4 6. Nxc6 bxc6 7. Bd3 O-O 8.
Bg5 Re8 9. O-O h6 10. Bh4 g5 11. Bg3 d6 12. f4 Ng4 13. h3 Bc5+ 14. Kh1 gxf4 15.
Rxf4 Ne5 16. Bh4 Qd7 17. Qh5 Be3 18. Rf5 Re6 19. Raf1 Rg6 20. Bf6 Qe8 21. Bxe5
Bxf5 22. Bh2 Be6 23. e5 d5 24. Bxg6 fxg6 25. Qe2 Bg5 26. Bf4 Be7 27. Qe1 g5 28.
Bh2 Qg6 29. Ne2 Qe4 30. Qd2 c5 31. Ng3 Qg6 32. Ne2 Rb8 33. b3 Rb4 34. c3 Re4 35.
Ng1 Qh5 36. Qf2 c6 37. a3 Qh4 38. Bg3 Qh5 39. Bh2 Qh4 40. Bg3 Qh5 1/2-1/2

[Event "TCh-TUR Super League 2015"]
[Site "Kocaeli TUR"]
[Date "2015.08.11"]
[Round "8.7"]
[Board "5"]
[White "Yildiz, Betul Cemre"]
[Black "Isgandarova, Khayala"]
[Result "1/2-1/2"]
[WhiteTitle "WGM"]
[BlackTitle "WIM"]
[WhiteElo "2345"]
[BlackElo "2245"]
[WhiteTeam "Turk Hava Yollari (Thy) Sports Club"]
[BlackTeam "Kahramanmaras Buyuksehir Belediye Sports Club"]
[WhiteFideId "6302920"]
[BlackFideId "13401823"]
[EventDate "2015.08.04"]

1. e4 e6 2. d4 d5 3. Nd2 Nc6 4. Ngf3 Nf6 5. e5 Nd7 6. Bd3 Nb4 7. Be2 c5 8. c3
Nc6 9. O-O cxd4 10. cxd4 f6 11. Re1 fxe5 12. Nxe5 Ndxe5 13. dxe5 Be7 14. Bd3 g6
15. Nf3 Bd7 16. a3 Qb6 17. b4 O-O 18. Be3 Qd8 19. Bh6 Rf7 20. b5 Na5 21. Qa4 Rc8
22. Qg4 Qe8 23. h4 Bxb5 24. Bxb5 Qxb5 25. h5 Qd3 26. Qxe6 Qf5 27. Qxd5 Qxh5 28.
Qxa5 Qxh6 29. Qd5 Rc2 30. Qb3 Rc7 31. Rad1 Qf4 32. e6 Rf8 33. Rd4 Qf6 34. Rd7
Rfc8 35. Rxc7 Rxc7 36. Qd5 Qc3 37. a4 Qc6 38. Qe5 Qc5 39. Qf4 Qc3 40. Rd1 Bf6
41. Kh2 Kf8 42. Rd3 Qxd3 43. Qxf6+ Ke8 44. Qh8+ Ke7 45. Qg7+ Kxe6 46. Qxc7 Qd6+
47. Qxd6+ Kxd6 48. Kg3 Kc5 49. Ng5 a5 50. Kf4 Kb4 51. Ke3 Kxa4 52. Kd2 Kb3 53.
Kc1 b5 54. Nxh7 Kc3 55. Nf6 Kd3 56. Nd5 g5 57. Kd1 a4 58. f3 a3 59. Kc1 b4 60.
Nxb4+ Ke3 61. Kd1 Kf2 62. Kd2 Kxg2 63. Ke3 Kg3 64. Ke4 Kf2 65. Na2 Ke2 66. Nc3+
Kf2 1/2-1/2

[Event "TCh-TUR Super League 2015"]
[Site "Kocaeli TUR"]
[Date "2015.08.11"]
[Round "8.7"]
[Board "6"]
[White "Karaoglan, Kivanc"]
[Black "Baglan, Esat"]
[Result "1/2-1/2"]
[BlackTitle "FM"]
[WhiteElo "1981"]
[BlackElo "2280"]
[WhiteTeam "Kahramanmaras Buyuksehir Belediye Sports Club"]
[BlackTeam "Turk Hava Yollari (Thy) Sports Club"]
[WhiteFideId "6329152"]
[BlackFideId "6309216"]
[EventDate "2015.08.04"]

1. d4 Nf6 2. Nf3 g6 3. g3 Bg7 4. Bg2 O-O 5. O-O d5 6. c4 dxc4 7. Ne5 c5 8. dxc5
Qc7 9. Nxc4 Qxc5 10. Nba3 Nc6 11. Bf4 Rd8 12. Qa4 Bg4 13. e3 Qh5 14. Qb5 e5 15.
Qxb7 exf4 16. Bxc6 Rab8 17. Qxa7 Be2 18. exf4 Ng4 19. h4 Bxf1 20. Rxf1 Bd4 21.
Qe7 Qf5 22. Nd6 Qf6 23. Qxf6 Nxf6 24. Ndb5 Bxb2 25. Nc4 Bd4 26. Ncd6 Bb6 27. a4
Bc7 28. Nb7 Rdc8 29. Na7 Rf8 30. Ra1 Bb6 31. Nb5 Rfc8 32. Bf3 Rc2 33. a5 Rxf2
34. axb6 Rxf3 35. N5d6 Rxg3+ 36. Kf2 Rb3 37. Ra6 Nd5 38. h5 Rxb6 39. Rxb6 Nxb6
40. hxg6 hxg6 41. Nc5 Rd8 42. Nde4 f5 43. Ng5 Nd5 44. Nce6 Ra8 45. Kf3 Ra3+ 46.
Kf2 Nf6 47. Ke2 Ne4 48. Nxe4 fxe4 49. Ng5 e3 50. Kf3 Kg7 51. Ne6+ Kf7 52. Nd4
Kf6 53. Ke4 Ke7 54. Kf3 Rc3 55. Ke4 Kf6 56. Ne2 Ra3 57. Nd4 Kg7 58. Kf3 Kh6 59.
Nc2 e2+ 60. Kxe2 Ra2 61. Kd3 Kh5 62. Ne3 Kh4 63. Ke4 Kg3 64. f5 g5 65. f6 Rf2
66. Ke5 Rf3 67. Nf5+ Kg4 68. Ng7 Re3+ 69. Kd6 Re1 70. f7 Rf1 71. Ke7 Kg3 72.
f8=Q Rxf8 73. Kxf8 g4 74. Kf7 Kf4 75. Nh5+ Ke3 76. Kf6 g3 77. Nxg3 1/2-1/2

[Event "TCh-TUR Super League 2015"]
[Site "Kocaeli TUR"]
[Date "2015.08.11"]
[Round "8.7"]
[Board "7"]
[White "Eren, Ataberk"]
[Black "Yaran, Siar"]
[Result "1-0"]
[BlackTitle "CM"]
[WhiteElo "1997"]
[BlackElo "2179"]
[WhiteTeam "Turk Hava Yollari (Thy) Sports Club"]
[BlackTeam "Kahramanmaras Buyuksehir Belediye Sports Club"]
[WhiteFideId "6349765"]
[BlackFideId "6323006"]
[EventDate "2015.08.04"]

1. d4 Nf6 2. c4 e6 3. Nc3 c5 4. d5 exd5 5. cxd5 d6 6. e4 g6 7. Bd3 Bg7 8. Nge2
O-O 9. O-O Na6 10. Ng3 Nc7 11. a4 Rb8 12. Bg5 h6 13. Bd2 a6 14. a5 b5 15. axb6
Rxb6 16. Ra2 Bd7 17. h3 Bb5 18. Nxb5 axb5 19. b3 Re8 20. Qc1 h5 21. Bg5 Qb8 22.
f4 Na6 23. Re2 c4 24. bxc4 Nc5 25. Bc2 bxc4 26. f5 Nfd7 27. f6 Bh8 28. Bh4 Re5
29. Nf5 Bxf6 30. Nh6+ Kg7 31. Bxf6+ Nxf6 32. Rxf6 Kxf6 33. Rf2+ Ke7 34. Rxf7+
Kd8 35. Qf4 Nd7 36. Rg7 Qa7 37. Kh2 Kc8 38. Nf7 Qc7 39. Nxe5 dxe5 40. Qf7 Rf6
41. Qe7 c3 42. Ba4 Rd6 43. Bc6 Rxc6 44. dxc6 Qxc6 45. Rg8+ Kb7 46. Qb4+ Ka6 47.
Qa3+ Kb5 48. Qb3+ Ka6 49. Qa2+ Kb5 50. Ra8 Nb6 51. Qb3+ Kc5 52. Qxc3+ Nc4 53.
Ra5+ Kd6 54. Qb4+ Ke6 55. Rc5 1-0

[Event "TCh-TUR Super League 2015"]
[Site "Kocaeli TUR"]
[Date "2015.08.11"]
[Round "8.7"]
[Board "8"]
[White "Ayan, Bengu Sena"]
[Black "Dogan, Sevval"]
[Result "0-1"]
[WhiteElo "1693"]
[BlackElo "1737"]
[WhiteTeam "Kahramanmaras Buyuksehir Belediye Sports Club"]
[BlackTeam "Turk Hava Yollari (Thy) Sports Club"]
[WhiteFideId "6346120"]
[BlackFideId "6322565"]
[EventDate "2015.08.04"]

1. e4 c5 2. c3 d5 3. exd5 Qxd5 4. d4 Nf6 5. Nf3 e6 6. Bd3 cxd4 7. cxd4 Be7 8.
O-O Nc6 9. Nc3 Qd6 10. Bg5 Nd5 11. Ne4 Qd8 12. Bb1 O-O 13. Bxe7 Ndxe7 14. Ng3
Qd5 15. a3 Rd8 16. Be4 Qb5 17. a4 Qa5 18. d5 Ng6 19. Qb3 exd5 20. Bxg6 hxg6 21.
Rfd1 Qb4 22. Qc2 Bg4 23. Ra3 Bxf3 24. gxf3 Rac8 25. Rc3 Rc7 26. Ne2 Rcd7 27. Rc5
Ne5 28. Nd4 Nc4 29. Rb5 Qe7 30. Kh1 Qf6 31. b3 Ne5 32. Qe2 a6 33. Rc5 Re7 34. b4
Nd7 35. Qc2 Nxc5 36. Qxc5 b6 37. Qc2 Rde8 38. Qd3 Qg5 39. Qf1 Qf4 40. Qh3 Re1+
41. Rxe1 Rxe1+ 42. Kg2 Qg5+ 43. Qg4 Qxg4+ 44. fxg4 Re4 45. Nc2 Rxg4+ 46. Kf3 Rc4
47. Ne3 Rxb4 48. Nxd5 Rxa4 49. Nxb6 Rh4 50. Kg3 Rd4 51. Nc8 a5 52. Ne7+ Kf8 53.
Nc6 Rd5 54. Kf4 a4 55. Ke4 Rc5 56. Nd4 a3 57. Nb3 a2 58. Kd3 Rb5 59. Na1 Rb1 0-1